Dance education in the school curriculum / (Record no. 293360)
[ view plain ]
| 000 -LEADER | |
|---|---|
| fixed length control field | 00747nam a2200241Ia 4500 |
| 008 - FIXED-LENGTH DATA ELEMENTS--GENERAL INFORMATION | |
| fixed length control field | 160418s9999 xx 000 0 und d |
| 020 ## - INTERNATIONAL STANDARD BOOK NUMBER | |
| International Standard Book Number | 971-23-3910-6 |
| 050 ## - LIBRARY OF CONGRESS CALL NUMBER | |
| Classification number | FIL GV 1589 |
| 050 ## - LIBRARY OF CONGRESS CALL NUMBER | |
| Item number | .A53 2004 |
| 100 ## - MAIN ENTRY--PERSONAL NAME | |
| Personal name | Andin, Carmen Tabije - |
| 245 ## - TITLE STATEMENT | |
| Title | Dance education in the school curriculum / |
| 245 ## - TITLE STATEMENT | |
| Statement of responsibility, etc | Carmen Tabije - Andin. |
| 260 ## - PUBLICATION, DISTRIBUTION, ETC. (IMPRINT) | |
| Place of publication, distribution, etc | Manila : |
| 260 ## - PUBLICATION, DISTRIBUTION, ETC. (IMPRINT) | |
| Name of publisher, distributor, etc | Rex Book Store, Inc., |
| 260 ## - PUBLICATION, DISTRIBUTION, ETC. (IMPRINT) | |
| Date of publication, distribution, etc | 2004 |
| 300 ## - PHYSICAL DESCRIPTION | |
| Extent | 103 pages : |
| 300 ## - PHYSICAL DESCRIPTION | |
| Other physical details | illustrations ; |
| 300 ## - PHYSICAL DESCRIPTION | |
| Dimensions | 22 cm. |
| 500 ## - GENERAL NOTE | |
| General note | Includes bibliographical references and index. |
| 650 ## - SUBJECT ADDED ENTRY--TOPICAL TERM | |
| Topical term or geographic name as entry element | Dance -- Study and teaching (Higher) -- Philippines. |
| 650 ## - SUBJECT ADDED ENTRY--TOPICAL TERM | |
| Topical term or geographic name as entry element | Rhythm -- Study and teaching (Higher) |
| 650 ## - SUBJECT ADDED ENTRY--TOPICAL TERM | |
| General subdivision | Movement education -- Phlippines -- Curricula. |
| Withdrawn status | Lost status | Damaged status | Home library | Current library | Shelving location | Date acquired | Total Checkouts | Full call number | Barcode | Date last seen | Price effective from | Koha item type |
|---|---|---|---|---|---|---|---|---|---|---|---|---|
| South Mansfield College | South Mansfield College | Filipiniana Section | 06/02/2005 | FIL GV 1589 .A53 2004 | SMC02685 | 04/18/2016 | 04/18/2016 |